000
00231nam a22000857a 4500
008
160817b xxu||||| |||| 00| 0 eng d
100
_9
166
_a
Jonathan Swift
245
_a
Gulliver's Travels
260
_a
New Delhi
_b
Goodluck publication
_c
2013
999
_c
2824
_d
2824